Statistics for Video Game Logos Quiz #1

Click here to take the quiz!

General Stats

  • This quiz has been taken 427 times
  • The average score is 9 of 12

Answer Stats

Answer% Correct
Candy Crush
95%
Minecraft
92%
Clash of Clans
83%
Doom
80%
Fortnite
76%
Play Station
76%
Atari
75%
Xbox
74%
Mortal Kombat
73%
Sega
66%
Nintendo 64
62%
Half-Life
51%

Score Distribution

Percentile by Number Answered

Percent of People with Each Score

Your Score History

You have not taken this quiz